000
00246nam a22001097a 4500
082
_a
923.2 INS'R
100
_a
RICHARD, WINSTON CLARE
_9
79377
245
_a
INSIDE THE THIRD REICH
260
_a
NEWYORK
_b
AVON
_c
1971
300
_a
734P
942
_c
BK
999
_c
584421
_d
584421